00863nam a22002297a 450000500170000001000150001702000270003203500140005903700130007308200280008610000240011424500940013825000150023226000420024727000610028930000290035070000290037970000350040894200300044399900190047395201410049220230921115209.0 aENG-138226 a9788129002426c1295.00 aEN-121758 bDBAD/PUB a597.90954122First 2021 aJasbir Singh957249 aHerpetofauna of Punjab :bThe Field GuidecBy Jasbir Singh; S K Dutta and Harsimran Singh aFirst 2021 aChandigarhbNew Era Book Agencyc2021 aSCO 49-51, Sector -17C, Post Box- 52bChandigarhe160017 a82 p.c22 cm(pbk)bIndex aS K DuttaeAuthor956915 aHarsimran SingheAuthor956963 2ddccENh597.9095412mJAG c198501d198501 001040708NFICaDBADbMd2023-09-21eDBAD/PUBg1295.00l0o597.9095412 JAGpEN-121758r2023-09-21 00:00:00t1v1295.00w2023-09-21yEN